Southville International School and Colleges
Your cart is empty.
  • Cart
  • Lists
    Public lists Eva Luna New books Lux_list list_1
    Your lists Log in to create your own lists
  • Log in to your account
  • Your cookies
  • Search history
Southville International School and Colleges
  • Advanced search
  • Recent comments
  • Most popular
  • Libraries

Log in to your account

Log in with GOOGLE


If you do not have an external account, but do have a local account, you can still log in:

  1. Home
  2. MARC view: Earth science /
Normal view MARC view ISBD view

Earth science / (Record no. 15654)

[ view plain ]
MARC details
000 -LEADER
fixed length control field 01687cam a2200373 a 4500
001 - CONTROL NUMBER
control field 15130339
003 - CONTROL NUMBER IDENTIFIER
control field OSt
005 - DATE AND TIME OF LATEST TRANSACTION
control field 20140310182746.0
007 - PHYSICAL DESCRIPTION FIXED FIELD--GENERAL INFORMATION
fixed length control field vd |v||||
008 - FIXED-LENGTH DATA ELEMENTS--GENERAL INFORMATION
fixed length control field 080107s2009 njuab 001 0 eng
010 ## - LIBRARY OF CONGRESS CONTROL NUMBER
LC control number 2008000661
020 ## - INTERNATIONAL STANDARD BOOK NUMBER
International Standard Book Number 9789810697433
035 ## - SYSTEM CONTROL NUMBER
System control number (OCoLC)ocn190621193
040 ## - CATALOGING SOURCE
Original cataloging agency DLC
Transcribing agency DLC
Modifying agency YDX
-- BAKER
-- BTCTA
-- YDXCP
-- VP@
-- DLC
050 00 - LIBRARY OF CONGRESS CALL NUMBER
Classification number QE 26.3
Item number .T179 2009
082 00 - DEWEY DECIMAL CLASSIFICATION NUMBER
Classification number M 550
Item number T179 2009
100 1# - MAIN ENTRY--PERSONAL NAME
Personal name Tarbuck, Edward J.
245 10 - TITLE STATEMENT
Title Earth science /
Statement of responsibility, etc Tarbuck, Edward J.
250 ## - EDITION STATEMENT
Edition statement 12th ed.
260 ## - PUBLICATION, DISTRIBUTION, ETC. (IMPRINT)
Place of publication, distribution, etc Upper Saddle River, N.J. :
Name of publisher, distributor, etc Pearson Prentice Hall,
Date of publication, distribution, etc c2009.
300 ## - PHYSICAL DESCRIPTION
Extent xxiii, 740 p. :
Other physical details col. ill., col. maps ;
Dimensions 29 cm. +
Accompanying material 1 DVD-ROM (4 3/4 in.)
500 ## - GENERAL NOTE
General note Includes index.
521 ## - TARGET AUDIENCE NOTE
Target audience note
526 ## - STUDY PROGRAM INFORMATION NOTE
Reading level 1210L to 1700L
538 ## - SYSTEM DETAILS NOTE
System details note System requirements: 500 MHz PowerPC G3, Intel Core Duo 1.33GHz, Intel Pentium II 450MHz; 256 bytes RAM in addition to operating system; Mas OS X (10.3 or later for PowerPC, 10.4x or Intel), Windows XP or Vista; 1024 x 768 (millions of colors) monitor resolution, DVD-ROM drive, speakers, and printer.
541 ## - IMMEDIATE SOURCE OF ACQUISITION NOTE
-- 1
562 ## - COPY AND VERSION IDENTIFICATION NOTE
Number of copies For Circulation. 1 Copy Available in the Collection
650 #0 - SUBJECT ADDED ENTRY--TOPICAL TERM
Topical term or geographic name as entry element Earth sciences
Form subdivision Textbooks.
700 1# - ADDED ENTRY--PERSONAL NAME
Personal name Lutgens, Frederick K.
856 41 - ELECTRONIC LOCATION AND ACCESS
Materials specified Table of contents only
Uniform Resource Identifier <a href="http://www.loc.gov/catdir/toc/ecip088/2008000661.html">http://www.loc.gov/catdir/toc/ecip088/2008000661.html</a>
906 ## - LOCAL DATA ELEMENT F, LDF (RLIN)
a 7
b cbc
c orignew
d 1
e ecip
f 20
g y-gencatlg
942 ## - ADDED ENTRY ELEMENTS (KOHA)
Source of classification or shelving scheme Library of Congress Classification
Koha item type Books
Call number prefix
Holdings
Withdrawn status Lost status Source of classification or shelving scheme Damaged status Home library Current library Shelving location Date acquired Total Checkouts Total Renewals Full call number Barcode Date last seen Date checked out Copy number Price effective from Koha item type
    Library of Congress Classification   College Library College Library General Circulation Section 06/08/2012 12 17 QE 26.3 .T179 2009 c14748 02/12/2019 03/12/2018 1 06/08/2012 Books

Earth science /

APA

Tarbuck E. J., Lutgens F. K., . (2009). Earth science. Upper Saddle River, N.J: Pearson Prentice Hall.

Chicago

Tarbuck Edward J, Lutgens Frederick K, . 2009. Earth science. Upper Saddle River, N.J: Pearson Prentice Hall.

Harvard

Tarbuck E. J., Lutgens F. K., . (2009). Earth science. Upper Saddle River, N.J: Pearson Prentice Hall.

MLA

Tarbuck Edward J, Lutgens Frederick K, . Earth science. Upper Saddle River, N.J: Pearson Prentice Hall. 2009.

  • Place hold
  • Print
  • Cite
  • Add to your cart (remove)
  • Save record
    BIBTEX Dublin Core MARCXML MARC (non-Unicode/MARC-8) MARC (Unicode/UTF-8) MARC (Unicode/UTF-8, Standard) MODS (XML) RIS
  • More searches
    Search for this title in:
    Other Libraries (WorldCat) Other Databases (Google Scholar) Online Stores (Bookfinder.com) Open Library (openlibrary.org)

Exporting to Dublin Core...

SOUTHVILLE LIBRARY

Southville International School and Colleges Library

1281 Tropical Ave. Cor. Luxembourg St., BF Homes International, Las Pinas City

Tel. No. 8256374 / 252358 Loc. 117/146

Powered by Koha